Tajlit.
Saved in:
| Corporate Author: | |
|---|---|
| Format: | Serial |
| Language: | Spanish |
| Published: |
Buenos Aires :
Yeshibá Or Torá,
|
| Subjects: | |
| Tags: |
Add Tag
No Tags, Be the first to tag this record!
|
| LEADER | 00490nas a22001697u 4500 | ||
|---|---|---|---|
| 001 | 007776992-9 | ||
| 005 | 20020606104010.5 | ||
| 008 | 980430c19uu9999ag || ||| |||||||spa|d | ||
| 035 | 0 | |a ocn235973840 | |
| 245 | 0 | 0 | |a Tajlit. |
| 260 | |a Buenos Aires : |b Yeshibá Or Torá, | ||
| 500 | |a "La aplicación es la llave del éxito." | ||
| 650 | 0 | |a Orthodox Judaism |z Argentina |v Periodicals. | |
| 650 | 0 | |a Jews |z Argentina |v Periodicals. | |
| 710 | 2 | |a Yeshibá Or Torá (Buenos Aires) | |
| 988 | |a 20020608 | ||
| 906 | |0 MH | ||


